A practical guide to splines

Αποθηκεύτηκε σε:
Λεπτομέρειες βιβλιογραφικής εγγραφής
Κύριος συγγραφέας: De Boor, Carl
Μορφή: Βιβλίο
Γλώσσα:English
Δημοσίευση: New York : Springer, 2001
Έκδοση:Rev. ed.
Σειρά:Applied mathematical sciences (Springer-Verlag New York Inc.) ; 27
Θέματα:
Ετικέτες: Προσθήκη ετικέτας
Δεν υπάρχουν, Καταχωρήστε ετικέτα πρώτοι!

MARC

LEADER 00000nam a2200000 i 4500
001 1/71826
008 080122s2001 eng d
020 |a 0-387-95366-3 
035 |l 10094000 
040 |a GR-MY-UA  |b gre  |e aacr 
041 0 |a eng 
082 0 |a 511.42  |2 (22) 
100 1 |a De Boor, Carl. 
245 1 2 |a A practical guide to splines /  |c Carl de Boor 
250 |a Rev. ed. 
260 |a New York :   |b Springer,   |c 2001 
300 |a xviii, 346 σ.;  |b εικ.;  |c 24 εκ. 
490 1 |a Applied mathematical sciences  |v ; 27 
504 |a Περιέχει βιβλιογραφικές παραπομπές (σ. 331-339) και ευρετήριο 
650 0 0 |a Spline theory. 
830 0 |a Applied mathematical sciences (Springer-Verlag New York Inc.)  |v ; 27 
852 |a INST  |b SAMOS  |e 20080122  |h 511.42 DEB  |p 005300027323  |q 005300027323  |t BK  |y 0 
901 |a BIBL3-2008-1 
909 |a Σ  |b 143475 
922 |a 3ΕΛΗ  |b 200712  |c ΕΠΕΑΕΚ2/ΤΣΑΕ  |d ΕΛΕΥΘΕΡΟΥΔΑΚΗΣ 
970 |a ΡΟΥΣΣΟΥ  |b ΚΩΝΣΤΑΝΤΙΝΑ  |z 2008/01/22